Célébrités commençant par la lettre H - Statistiques

Statistiques générales
  • Ce quiz a été pris 398 fois
  • Le résultat moyen est 5 sur 11
Statistiques - réponses
Par images Réponse % Correct
Hugo Lloris
85%
Harry Styles
80%
Hélène Segara
63%
Harry Kane
60%
Hillary Clinton
58%
Hugh Jackman
58%
Hailey Bieber
48%
Hervé Renard
44%
Halle Berry
22%
Heidi Klum
17%
Halle Bailey
15%
Aucun quiz correspondant
Distribution des résultats
% des personnes avec chaque résultat
Percentile par nombre de réponses
Votre historique - résultats
Vous n’avez pas pris ce quiz